00411cam a22001097a 4500008004000000082001700040245012900057260002600186300001000212650004000222700003900262180718b1982 xxu||||| |||| 00| 0 eng d aY15x5421 Ut8 aAgrarian distress in the United Provinces (being the report of the Committee Appointed by U.P. Provincial Congress Committee aGurgaonbPrabhuc1982 a275+p aLand Tenure - India - Uttar Predesh aU.P. Provincial Congress Committee